Problems of economic transition.

Bibliographic Details
Previous Title:Problems of economics
Format: Journal
Language:English
Published: Armonk, NY : M.E. Sharpe, Inc., [1992-]
Subjects:
Online Availability: Check for online availability

MARC

Tag First Indicator Second Indicator Subfields
LEADER 00000cas a2200000 a 4500
001 in00001513426
005 20151021101452.0
008 920204c19929999nyumr1p 0 a0eng d
010 |a  93660604   |z sn 92003868  
022 0 |a 1061-1991 
032 |a 003003  |b USPS 
035 |a (OCoLC)25215924 
035 |9 AJL0035AM 
040 |a NSD  |c NSD  |d NYG  |d COO  |d NSD  |d WAU  |d NST  |d IUL  |d AGL  |d DLC  |d EYM  |d DLC  |d GUA  |d HUL  |d TXA  |d UtOrBLW 
041 1 |a eng  |h rus 
042 |a nsdp  |a lc 
043 |a e-ur--- 
049 |a TXAE 
050 0 0 |a HC10  |b .P753 
070 0 |a HC336.26.P73 
072 0 |a X700 
082 0 0 |a 330.9/47/085 
210 0 |a Probl. econ. transit. 
222 0 |a Problems of economic transition 
245 0 0 |a Problems of economic transition. 
264 1 |a Armonk, NY :  |b M.E. Sharpe, Inc.,  |c [1992-] 
264 4 |c ©1992- 
300 |a volumes ;  |c 23 cm. 
310 |a Monthly 
336 |a text  |b txt  |2 rdacontent 
337 |a unmediated  |b n  |2 rdamedia 
338 |a volume  |b nc  |2 rdacarrier 
362 0 |a Vol. 35, no. 1 (May 1992)- 
500 |a Title from cover. 
500 |a Some issues also have distinctive titles. 
500 |a "A journal of translations from Russian." 
510 2 |a Index of economic articles in journals and collective volumes  |x 0536-647X  |b 1992- 
510 2 |a International labour documentation  |x 0020-7756  |b 1992- 
510 2 |a Public Affairs Information Service bulletin  |x 0033-3409  |b 1992- 
510 0 |a Current contents. Behavioral, social & educational sciences  |x 0011-3387  |b 1992- 
510 0 |a Current contents. Social & behavioral sciences  |x 0092-6361  |b 1992- 
651 0 |a Former Soviet republics  |x Economic conditions  |v Periodicals. 
651 0 |a Russia (Federation)  |x Economic conditions  |v Periodicals. 
780 0 0 |t Problems of economics  |x 0032-9436  |w (DLC) 61000658  |w (OCoLC)1642678 
948 |a c:s 
999 |a MARS 
999 f f |s a1783b42-6ac3-394d-96f1-9f9382351db6  |i 37b2edc3-a3f0-34a1-a780-91d73cba11cf  |t 0 
952 f f |p ric  |a Texas A&M University  |b Rellis Campus  |c Joint Library Facility  |d Remote Storage  |t 0  |e HC10 .P753  |h Library of Congress classification  |i unmediated -- volume  |k v.38:no.6  |l 1995:oct  |m A14825388470 
998 f f |a HC10 .P753  |s v.38:no.6 (1995:Oct.)  |t 0  |l Remote Storage